[Event "DVM U20w 2023"]
[Site "Magdeburg GER"]
[Date "2023.12.28"]
[Round "4"]
[White "Mazurtsova, Margarita"]
[Black "Hopp, Celina"]
[Result "0-1"]
[Termination "normal"]
[Board "4.2"]
[WhiteElo "1682"]
[BlackElo "1583"]
[WhiteClock "00:50:06"]
[BlackClock "00:24:01"]
[WhiteTeam "SC Kreuzberg"]
[BlackTeam "SC Borussia Lichtenberg"]
[PlyCount "90"]
[WhiteFideId "14188961"]
[BlackFideId "16235240"]
[EventCountry "GER"]
[EventRounds "7"]
[EventType "team-swiss"]
[EventDate "2023.12.26"]

1. c4 {[%clk 01:30:53]} {[%emt 00:00:06]} e5 {[%clk 01:30:40]} {[%emt
00:00:21]} 2. Nc3 {[%clk 01:31:16]} {[%emt 00:00:08]} Nf6 {[%clk 01:30:38]}
{[%emt 00:00:31]} 3. g3 {[%clk 01:31:31]} {[%emt 00:00:14]} c6 {[%clk
01:27:11]} {[%emt 00:03:57]} 4. Bg2 {[%clk 01:30:31]} {[%emt 00:01:30]} d5
{[%clk 01:24:33]} {[%emt 00:03:08]} 5. cxd5 {[%clk 01:30:12]} {[%emt 00:00:48]}
Nxd5 {[%clk 01:24:20]} {[%emt 00:00:46]} 6. d3 {[%clk 01:30:10]} {[%emt
00:00:30]} Be7 {[%clk 01:18:07]} {[%emt 00:06:44]} 7. Nf3 {[%clk 01:29:47]}
{[%emt 00:00:53]} Nd7 {[%clk 01:16:27]} {[%emt 00:02:09]} 8. O-O {[%clk
01:29:41]} {[%emt 00:00:36]} O-O {[%clk 01:16:23]} {[%emt 00:00:35]} 9. Qb3
{[%clk 01:29:36]} {[%emt 00:00:35]} N5f6 {[%clk 01:11:09]} {[%emt 00:05:45]}
10. Ng5 {[%clk 01:25:42]} {[%emt 00:04:22]} Nc5 {[%clk 01:10:50]} {[%emt
00:00:50]} 11. Qc2 {[%clk 01:24:22]} {[%emt 00:01:48]} Bf5 {[%clk 01:08:50]}
{[%emt 00:02:32]} 12. Be3 {[%clk 01:14:52]} {[%emt 00:09:58]} Qc7 {[%clk
01:00:49]} {[%emt 00:08:33]} 13. Na4 {[%clk 01:13:25]} {[%emt 00:01:54]} Ne6
{[%clk 00:59:49]} {[%emt 00:01:32]} 14. Nxe6 {[%clk 01:13:30]} {[%emt
00:00:26]} Bxe6 {[%clk 01:00:10]} {[%emt 00:00:10]} 15. Nc5 {[%clk 01:13:22]}
{[%emt 00:00:37]} Bf5 {[%clk 00:58:18]} {[%emt 00:02:23]} 16. Nb3 {[%clk
01:08:49]} {[%emt 00:05:01]} Rfe8 {[%clk 00:51:44]} {[%emt 00:07:06]} 17. Bc5
{[%clk 01:06:08]} {[%emt 00:03:09]} Nd7 {[%clk 00:46:15]} {[%emt 00:06:01]} 18.
Bxe7 {[%clk 01:03:39]} {[%emt 00:02:56]} Rxe7 {[%clk 00:46:34]} {[%emt
00:00:13]} 19. Qd2 {[%clk 01:03:36]} {[%emt 00:00:31]} Rae8 {[%clk 00:44:46]}
{[%emt 00:02:20]} 20. Rfd1 {[%clk 01:01:19]} {[%emt 00:02:46]} Qc8 {[%clk
00:41:26]} {[%emt 00:03:51]} 21. Qg5 {[%clk 01:00:09]} {[%emt 00:01:39]} Nf6
{[%clk 00:39:57]} {[%emt 00:02:00]} 22. Nd2 {[%clk 00:53:47]} {[%emt 00:06:50]}
Bh3 {[%clk 00:36:43]} {[%emt 00:03:46]} 23. Ne4 {[%clk 00:52:32]} {[%emt
00:01:44]} Nxe4 {[%clk 00:36:17]} {[%emt 00:00:58]} 24. Bxe4 {[%clk 00:52:50]}
{[%emt 00:00:11]} Qg4 {[%clk 00:31:02]} {[%emt 00:05:46]} 25. Qe3 {[%clk
00:52:01]} {[%emt 00:01:17]} a6 {[%clk 00:28:09]} {[%emt 00:03:24]} 26. Bf3
{[%clk 00:51:31]} {[%emt 00:00:59]} Qf5 {[%clk 00:26:25]} {[%emt 00:02:15]} 27.
Rac1 {[%clk 00:51:01]} {[%emt 00:00:57]} Re6 {[%clk 00:24:58]} {[%emt
00:02:00]} 28. Rc4 {[%clk 00:48:06]} {[%emt 00:03:24]} Rh6 {[%clk 00:22:23]}
{[%emt 00:03:04]} 29. Be4 {[%clk 00:43:56]} {[%emt 00:04:41]} Qh5 {[%clk
00:20:03]} {[%emt 00:02:51]} 30. Bf3 {[%clk 00:43:38]} {[%emt 00:00:46]} Qf5
{[%clk 00:18:41]} {[%emt 00:01:54]} 31. Re4 {[%clk 00:42:23]} {[%emt 00:01:44]}
f6 {[%clk 00:11:04]} {[%emt 00:08:08]} 32. d4 {[%clk 00:42:25]} {[%emt
00:00:28]} Qd7 {[%clk 00:09:22]} {[%emt 00:02:13]} 33. Qd2 {[%clk 00:40:11]}
{[%emt 00:02:40]} Bf5 {[%clk 00:08:27]} {[%emt 00:01:28]} 34. Re3 {[%clk
00:40:19]} {[%emt 00:00:21]} e4 {[%clk 00:06:46]} {[%emt 00:02:12]} 35. Bg2
{[%clk 00:39:38]} {[%emt 00:01:10]} Bg6 {[%clk 00:05:57]} {[%emt 00:01:20]} 36.
d5 {[%clk 00:39:30]} {[%emt 00:00:38]} Rh5 {[%clk 00:05:43]} {[%emt 00:00:45]}
37. dxc6 {[%clk 00:39:20]} {[%emt 00:00:39]} Qxc6 {[%clk 00:04:14]} {[%emt
00:01:59]} 38. Rc3 {[%clk 00:39:04]} {[%emt 00:00:43]} Qe6 {[%clk 00:03:03]}
{[%emt 00:01:44]} 39. Qd7 {[%clk 00:35:39]} {[%emt 00:03:54]} Re5 {[%clk
00:00:57]} {[%emt 00:02:38]} 40. Rc7 {[%clk 00:34:34]} {[%emt 00:01:33]} Re7
{[%clk 00:00:46]} {[%emt 00:00:42]} 41. Qd8+ {[%clk 00:29:00]} {[%emt
00:06:03]} Re8 {[%clk 00:29:16]} {[%emt 00:02:00]} 42. Qd7 {[%clk 00:57:44]}
{[%emt 00:01:44]} Re7 {[%clk 00:26:25]} {[%emt 00:03:25]} 43. Rc8+ {[%clk
00:50:34]} {[%emt 00:07:39]} Kf7 {[%clk 00:23:46]} {[%emt 00:03:08]} 44. Qd8
{[%clk 00:50:30]} {[%emt 00:00:34]} Bf5 {[%clk 00:23:54]} {[%emt 00:00:23]} 45.
Rd6 {[%clk 00:50:06]} {[%emt 00:00:53]} Qxc8 {[%clk 00:24:01]} {[%emt
00:00:24]} 0-1

[Event "DVM U20w 2023"]
[Site "Magdeburg GER"]
[Date "2023.12.28"]
[Round "4"]
[White "Hasselmann, Isabelle Sophia"]
[Black "Komar, Valerie"]
[Result "1-0"]
[Termination "normal"]
[Board "4.3"]
[WhiteElo "1324"]
[BlackElo "1386"]
[WhiteClock "00:44:37"]
[BlackClock "00:00:32"]
[WhiteTeam "SC Borussia Lichtenberg"]
[BlackTeam "SC Kreuzberg"]
[PlyCount "53"]
[WhiteFideId "16266951"]
[BlackFideId "34139664"]
[EventCountry "GER"]
[EventRounds "7"]
[EventType "team-swiss"]
[EventDate "2023.12.26"]

1. e4 {[%clk 01:30:59]} e5 {[%clk 01:30:54]} {[%emt 00:00:06]} 2. Bc4 {[%clk
01:31:25]} {[%emt 00:00:04]} Nf6 {[%clk 01:31:20]} {[%emt 00:00:05]} 3. d4
{[%clk 01:31:51]} {[%emt 00:00:03]} Nxe4 {[%clk 01:24:26]} {[%emt 00:07:24]} 4.
dxe5 {[%clk 01:32:06]} {[%emt 00:00:14]} Qe7 {[%clk 01:07:49]} {[%emt
00:17:07]} 5. Nf3 {[%clk 01:29:50]} {[%emt 00:02:46]} Qc5 {[%clk 00:56:28]}
{[%emt 00:11:52]} 6. Qe2 {[%clk 01:21:27]} {[%emt 00:08:54]} Qc6 {[%clk
00:44:12]} {[%emt 00:12:45]} 7. e6 {[%clk 01:18:39]} {[%emt 00:03:18]} fxe6
{[%clk 00:41:48]} {[%emt 00:02:54]} 8. Ne5 {[%clk 01:18:54]} {[%emt 00:00:15]}
Qc5 {[%clk 00:39:51]} {[%emt 00:02:27]} 9. Qxe4 {[%clk 01:15:46]} {[%emt
00:03:37]} d5 {[%clk 00:38:44]} {[%emt 00:01:38]} 10. Qf4 {[%clk 01:04:05]}
{[%emt 00:12:11]} dxc4 {[%clk 00:35:22]} {[%emt 00:03:52]} 11. Qf7+ {[%clk
01:04:24]} {[%emt 00:00:11]} Kd8 {[%clk 00:35:46]} {[%emt 00:00:06]} 12. Bg5+
{[%clk 01:04:36]} {[%emt 00:00:19]} Be7 {[%clk 00:34:00]} {[%emt 00:02:15]} 13.
Qxg7 {[%clk 01:04:44]} {[%emt 00:00:22]} Re8 {[%clk 00:32:23]} {[%emt
00:02:07]} 14. O-O {[%clk 01:03:47]} {[%emt 00:01:27]} Bd7 {[%clk 00:30:53]}
{[%emt 00:02:00]} 15. Rd1 {[%clk 00:59:44]} {[%emt 00:04:32]} Kc8 {[%clk
00:26:18]} {[%emt 00:05:06]} 16. Nc3 {[%clk 00:46:11]} {[%emt 00:14:03]} b6
{[%clk 00:15:03]} {[%emt 00:11:45]} 17. Ne4 {[%clk 00:44:34]} {[%emt 00:02:07]}
Qb4 {[%clk 00:10:56]} {[%emt 00:04:37]} 18. c3 {[%clk 00:44:23]} {[%emt
00:00:41]} Qb5 {[%clk 00:09:44]} {[%emt 00:01:41]} 19. Bxe7 {[%clk 00:44:30]}
{[%emt 00:00:24]} Rxe7 {[%clk 00:09:18]} {[%emt 00:00:56]} 20. Qxe7 {[%clk
00:44:52]} {[%emt 00:00:08]} Qxe5 {[%clk 00:09:37]} {[%emt 00:00:12]} 21. Nf6
{[%clk 00:43:40]} {[%emt 00:01:41]} Qb5 {[%clk 00:08:12]} {[%emt 00:01:55]} 22.
Nxd7 {[%clk 00:43:23]} {[%emt 00:00:47]} Nxd7 {[%clk 00:03:26]} {[%emt
00:05:15]} 23. Qe8+ {[%clk 00:43:43]} {[%emt 00:00:11]} Kb7 {[%clk 00:03:50]}
{[%emt 00:00:05]} 24. Qxd7 {[%clk 00:43:55]} {[%emt 00:00:18]} Qxb2 {[%clk
00:04:12]} {[%emt 00:00:09]} 25. Qxe6 {[%clk 00:44:03]} {[%emt 00:00:23]} Qxc3
{[%clk 00:00:58]} {[%emt 00:03:43]} 26. Qe4+ {[%clk 00:44:14]} {[%emt
00:00:17]} Ka6 {[%clk 00:00:32]} {[%emt 00:00:58]} 27. Qxa8 {[%clk 00:44:37]}
{[%emt 00:00:07]} 1-0

[Event "DVM U20w 2023"]
[Site "Magdeburg GER"]
[Date "2023.12.28"]
[Round "4"]
[White "Pikki, Daria"]
[Black "Foltin, Alica"]
[Result "1-0"]
[Termination "normal"]
[Board "5.1"]
[WhiteElo "1649"]
[BlackElo "1744"]
[WhiteClock "01:16:30"]
[BlackClock "01:19:28"]
[WhiteTeam "SV Königsjäger Süd-West"]
[BlackTeam "SV Erkenschwick 1923"]
[PlyCount "61"]
[WhiteFideId "16281306"]
[BlackFideId "34606920"]
[EventCountry "GER"]
[EventRounds "7"]
[EventType "team-swiss"]
[EventDate "2023.12.26"]

1. d4 {[%clk 01:30:57]} {[%emt 00:00:02]} Nf6 {[%clk 01:30:55]} {[%emt
00:00:05]} 2. c4 {[%clk 01:31:24]} {[%emt 00:00:04]} g6 {[%clk 01:31:22]}
{[%emt 00:00:03]} 3. Nc3 {[%clk 01:31:50]} {[%emt 00:00:04]} Bg7 {[%clk
01:31:48]} {[%emt 00:00:04]} 4. e4 {[%clk 01:32:14]} {[%emt 00:00:06]} d6
{[%clk 01:32:08]} {[%emt 00:00:10]} 5. Be2 {[%clk 01:32:36]} {[%emt 00:00:07]}
O-O {[%clk 01:32:31]} {[%emt 00:00:08]} 6. Nf3 {[%clk 01:33:00]} {[%emt
00:00:06]} e5 {[%clk 01:32:12]} {[%emt 00:00:48]} 7. dxe5 {[%clk 01:32:33]}
{[%emt 00:00:58]} dxe5 {[%clk 01:32:34]} {[%emt 00:00:07]} 8. Qxd8 {[%clk
01:32:59]} {[%emt 00:00:04]} Rxd8 {[%clk 01:33:01]} {[%emt 00:00:04]} 9. Bg5
{[%clk 01:33:18]} {[%emt 00:00:10]} Rf8 {[%clk 01:33:04]} {[%emt 00:00:26]} 10.
O-O-O {[%clk 01:30:59]} {[%emt 00:02:50]} c6 {[%clk 01:32:27]} {[%emt
00:01:06]} 11. Nxe5 {[%clk 01:24:34]} {[%emt 00:06:57]} Nxe4 {[%clk 01:32:22]}
{[%emt 00:00:35]} 12. Nxe4 {[%clk 01:24:53]} {[%emt 00:00:11]} Bxe5 {[%clk
01:32:41]} {[%emt 00:00:11]} 13. f4 {[%clk 01:25:04]} {[%emt 00:00:20]} Bg7
{[%clk 01:32:35]} {[%emt 00:00:35]} 14. Nd6 {[%clk 01:24:46]} {[%emt 00:00:48]}
Na6 {[%clk 01:32:07]} {[%emt 00:00:57]} 15. Be7 {[%clk 01:24:52]} {[%emt
00:00:24]} Be6 {[%clk 01:28:39]} {[%emt 00:03:58]} 16. Bxf8 {[%clk 01:24:58]}
{[%emt 00:00:25]} Kxf8 {[%clk 01:28:41]} {[%emt 00:00:26]} 17. Nxb7 {[%clk
01:24:40]} {[%emt 00:00:49]} Rb8 {[%clk 01:28:53]} {[%emt 00:00:18]} 18. Rd8+
{[%clk 01:24:55]} {[%emt 00:00:16]} Rxd8 {[%clk 01:26:17]} {[%emt 00:03:05]}
19. Nxd8 {[%clk 01:25:18]} {[%emt 00:00:07]} Bd7 {[%clk 01:24:49]} {[%emt
00:01:58]} 20. Bf3 {[%clk 01:23:17]} {[%emt 00:02:32]} c5 {[%clk 01:23:19]}
{[%emt 00:01:59]} 21. Nc6 {[%clk 01:22:23]} {[%emt 00:01:25]} Bxc6 {[%clk
01:23:21]} {[%emt 00:00:27]} 22. Bxc6 {[%clk 01:22:48]} {[%emt 00:00:05]} Nb4
{[%clk 01:23:46]} {[%emt 00:00:05]} 23. Be4 {[%clk 01:22:18]} {[%emt 00:01:00]}
Nxa2+ {[%clk 01:23:21]} {[%emt 00:00:55]} 24. Kc2 {[%clk 01:22:16]} {[%emt
00:00:33]} Nb4+ {[%clk 01:22:25]} {[%emt 00:01:25]} 25. Kb3 {[%clk 01:22:40]}
{[%emt 00:00:06]} f5 {[%clk 01:22:42]} {[%emt 00:00:13]} 26. Bb1 {[%clk
01:19:58]} {[%emt 00:03:12]} Bd4 {[%clk 01:20:20]} {[%emt 00:02:51]} 27. Rd1
{[%clk 01:19:23]} {[%emt 00:01:05]} Nc6 {[%clk 01:20:23]} {[%emt 00:00:29]} 28.
Ka3 {[%clk 01:18:14]} {[%emt 00:01:39]} Ke7 {[%clk 01:19:18]} {[%emt 00:01:34]}
29. Re1+ {[%clk 01:17:29]} {[%emt 00:01:15]} Kd7 {[%clk 01:19:39]} {[%emt
00:00:09]} 30. Bc2 {[%clk 01:17:28]} {[%emt 00:00:31]} Bf2 {[%clk 01:19:28]}
{[%emt 00:00:40]} 31. Re2 {[%clk 01:16:30]} 1-0

[Event "DVM U20w 2023"]
[Site "Magdeburg GER"]
[Date "2023.12.28"]
[Round "4"]
[White "Pollerberg, Amélie"]
[Black "Schmidt, Luise"]
[Result "1/2-1/2"]
[Termination "normal"]
[Board "5.2"]
[WhiteElo "1576"]
[BlackElo "1465"]
[WhiteClock "00:47:30"]
[BlackClock "00:17:42"]
[WhiteTeam "SV Erkenschwick 1923"]
[BlackTeam "SV Königsjäger Süd-West"]
[PlyCount "51"]
[WhiteFideId "34620788"]
[BlackFideId "16294475"]
[EventCountry "GER"]
[EventRounds "7"]
[EventType "team-swiss"]
[EventDate "2023.12.26"]

1. c4 {[%clk 01:30:58]} {[%emt 00:00:02]} e6 {[%clk 01:30:35]} {[%emt
00:00:25]} 2. Nc3 {[%clk 01:31:21]} {[%emt 00:00:08]} Nf6 {[%clk 01:30:48]}
{[%emt 00:00:17]} 3. e3 {[%clk 01:31:41]} {[%emt 00:00:10]} d5 {[%clk
01:30:11]} {[%emt 00:01:07]} 4. cxd5 {[%clk 01:32:03]} {[%emt 00:00:08]} exd5
{[%clk 01:30:27]} {[%emt 00:00:14]} 5. d4 {[%clk 01:32:25]} {[%emt 00:00:07]}
Be7 {[%clk 01:30:05]} {[%emt 00:00:53]} 6. Bd3 {[%clk 01:32:25]} {[%emt
00:00:30]} c6 {[%clk 01:29:10]} {[%emt 00:01:25]} 7. Nge2 {[%clk 01:32:26]}
{[%emt 00:00:29]} Nbd7 {[%clk 01:28:40]} {[%emt 00:01:00]} 8. O-O {[%clk
01:32:40]} {[%emt 00:00:16]} O-O {[%clk 01:28:49]} {[%emt 00:00:21]} 9. Bd2
{[%clk 01:32:01]} {[%emt 00:01:09]} Re8 {[%clk 01:25:17]} {[%emt 00:04:02]} 10.
Qc2 {[%clk 01:30:31]} {[%emt 00:02:00]} Bd6 {[%clk 01:20:49]} {[%emt 00:04:59]}
11. Rae1 {[%clk 01:24:41]} {[%emt 00:06:20]} c5 {[%clk 00:59:16]} {[%emt
00:22:03]} 12. dxc5 {[%clk 01:20:26]} {[%emt 00:04:45]} Nxc5 {[%clk 00:57:47]}
{[%emt 00:01:59]} 13. Nb5 {[%clk 01:16:05]} {[%emt 00:04:51]} Nxd3 {[%clk
00:54:26]} {[%emt 00:03:52]} 14. Qxd3 {[%clk 01:16:03]} {[%emt 00:00:30]} Be6
{[%clk 00:37:46]} {[%emt 00:17:11]} 15. Rc1 {[%clk 01:11:59]} {[%emt 00:04:33]}
a6 {[%clk 00:35:43]} {[%emt 00:02:34]} 16. Nbd4 {[%clk 01:09:09]} {[%emt
00:03:19]} Ng4 {[%clk 00:32:59]} {[%emt 00:03:14]} 17. Nf3 {[%clk 01:04:02]}
{[%emt 00:05:38]} Qf6 {[%clk 00:32:31]} {[%emt 00:00:56]} 18. Bc3 {[%clk
00:58:57]} {[%emt 00:05:37]} Ne5 {[%clk 00:29:03]} {[%emt 00:03:58]} 19. Nxe5
{[%clk 00:57:37]} {[%emt 00:01:51]} Bxe5 {[%clk 00:29:21]} {[%emt 00:00:12]}
20. Bxe5 {[%clk 00:56:38]} {[%emt 00:01:29]} Qxe5 {[%clk 00:29:40]} {[%emt
00:00:10]} 21. Qd4 {[%clk 00:54:55]} {[%emt 00:02:13]} Bd7 {[%clk 00:24:53]}
{[%emt 00:05:17]} 22. Qxe5 {[%clk 00:53:35]} {[%emt 00:01:51]} Rxe5 {[%clk
00:25:15]} {[%emt 00:00:08]} 23. Nd4 {[%clk 00:52:47]} {[%emt 00:01:18]} Rg5
{[%clk 00:20:49]} {[%emt 00:04:56]} 24. Rfd1 {[%clk 00:49:50]} {[%emt
00:03:27]} Bh3 {[%clk 00:18:11]} {[%emt 00:03:09]} 25. g3 {[%clk 00:49:56]}
{[%emt 00:00:24]} Rg6 {[%clk 00:17:42]} {[%emt 00:00:57]} 26. a3 {[%clk
00:47:30]} {[%emt 00:02:57]} 1/2-1/2

[Event "DVM U20w 2023"]
[Site "Magdeburg GER"]
[Date "2023.12.28"]
[Round "4"]
[White "Bohatyrova, Natalia"]
[Black "Richter, Anastasia"]
[Result "1/2-1/2"]
[Termination "normal"]
[Board "5.4"]
[WhiteElo "1506"]
[BlackElo "1353"]
[WhiteClock "00:11:08"]
[BlackClock "00:06:50"]
[WhiteTeam "SV Erkenschwick 1923"]
[BlackTeam "SV Königsjäger Süd-West"]
[PlyCount "120"]
[WhiteFideId "14192780"]
[BlackFideId "34659099"]
[EventCountry "GER"]
[EventRounds "7"]
[EventType "team-swiss"]
[EventDate "2023.12.26"]

1. e4 {[%clk 01:30:55]} {[%emt 00:00:05]} e5 {[%clk 01:30:55]} {[%emt
00:00:06]} 2. Nf3 {[%clk 01:31:17]} {[%emt 00:00:07]} Nc6 {[%clk 01:31:19]}
{[%emt 00:00:06]} 3. Bc4 {[%clk 01:31:34]} {[%emt 00:00:13]} Nf6 {[%clk
01:31:33]} {[%emt 00:00:16]} 4. Nc3 {[%clk 01:31:43]} {[%emt 00:00:22]} Nxe4
{[%clk 01:31:48]} {[%emt 00:00:14]} 5. Nxe4 {[%clk 01:31:49]} {[%emt 00:00:25]}
d5 {[%clk 01:32:09]} {[%emt 00:00:09]} 6. Bxd5 {[%clk 01:29:35]} {[%emt
00:02:44]} Qxd5 {[%clk 01:30:10]} {[%emt 00:02:28]} 7. d3 {[%clk 01:29:38]}
{[%emt 00:00:27]} Bf5 {[%clk 01:28:08]} {[%emt 00:02:31]} 8. Nc3 {[%clk
01:28:07]} {[%emt 00:02:03]} Qd7 {[%clk 01:20:35]} {[%emt 00:08:02]} 9. Qe2
{[%clk 01:23:35]} {[%emt 00:05:03]} O-O-O {[%clk 01:19:08]} {[%emt 00:01:57]}
10. Bd2 {[%clk 01:07:35]} {[%emt 00:16:29]} Nd4 {[%clk 00:49:53]} {[%emt
00:29:44]} 11. Nxd4 {[%clk 01:02:35]} {[%emt 00:05:30]} exd4 {[%clk 00:49:37]}
{[%emt 00:00:48]} 12. Ne4 {[%clk 01:02:12]} {[%emt 00:00:52]} Bg6 {[%clk
00:44:53]} {[%emt 00:05:13]} 13. O-O {[%clk 00:58:30]} {[%emt 00:04:13]} f5
{[%clk 00:37:11]} {[%emt 00:08:10]} 14. Ng3 {[%clk 00:57:33]} {[%emt 00:01:28]}
Bd6 {[%clk 00:35:53]} {[%emt 00:01:45]} 15. h3 {[%clk 00:35:24]} {[%emt
00:22:42]} h5 {[%clk 00:31:05]} {[%emt 00:05:19]} 16. Bg5 {[%clk 00:28:19]}
{[%emt 00:07:34]} Rdf8 {[%clk 00:18:22]} {[%emt 00:13:11]} 17. Qd2 {[%clk
00:24:58]} {[%emt 00:03:53]} f4 {[%clk 00:15:17]} {[%emt 00:03:36]} 18. Ne4
{[%clk 00:19:59]} {[%emt 00:05:29]} Bxe4 {[%clk 00:13:09]} {[%emt 00:02:36]}
19. dxe4 {[%clk 00:20:25]} {[%emt 00:00:06]} f3 {[%clk 00:12:25]} {[%emt
00:01:15]} 20. Qd3 {[%clk 00:18:26]} {[%emt 00:02:28]} Be7 {[%clk 00:06:53]}
{[%emt 00:06:01]} 21. Bxe7 {[%clk 00:16:49]} {[%emt 00:02:09]} Qxe7 {[%clk
00:07:21]} {[%emt 00:00:02]} 22. g3 {[%clk 00:14:24]} {[%emt 00:02:54]} Qd7
{[%clk 00:06:22]} {[%emt 00:01:27]} 23. Kh2 {[%clk 00:14:37]} {[%emt 00:00:21]}
Qd6 {[%clk 00:05:00]} {[%emt 00:01:49]} 24. Kg1 {[%clk 00:11:28]} {[%emt
00:03:41]} h4 {[%clk 00:02:42]} {[%emt 00:02:49]} 25. g4 {[%clk 00:11:43]}
{[%emt 00:00:13]} Rf4 {[%clk 00:02:24]} {[%emt 00:00:46]} 26. Rfe1 {[%clk
00:10:40]} {[%emt 00:01:35]} Qg6 {[%clk 00:01:23]} {[%emt 00:01:25]} 27. Kh2
{[%clk 00:10:08]} {[%emt 00:01:07]} Qf7 {[%clk 00:00:51]} {[%emt 00:00:59]} 28.
Rg1 {[%clk 00:09:40]} {[%emt 00:01:01]} Rh6 {[%clk 00:00:56]} {[%emt 00:00:23]}
29. Qxd4 {[%clk 00:09:12]} {[%emt 00:01:00]} b6 {[%clk 00:00:52]} {[%emt
00:00:34]} 30. Qd5 {[%clk 00:08:29]} {[%emt 00:01:14]} Qxd5 {[%clk 00:00:52]}
{[%emt 00:00:31]} 31. exd5 {[%clk 00:08:57]} {[%emt 00:00:02]} Rc4 {[%clk
00:00:47]} {[%emt 00:00:34]} 32. c3 {[%clk 00:09:09]} {[%emt 00:00:18]} Rd6
{[%clk 00:00:57]} {[%emt 00:00:18]} 33. Rad1 {[%clk 00:09:14]} {[%emt
00:00:27]} Rc5 {[%clk 00:01:06]} {[%emt 00:00:19]} 34. Rge1 {[%clk 00:08:14]}
{[%emt 00:01:32]} Rcxd5 {[%clk 00:01:15]} {[%emt 00:00:20]} 35. Rxd5 {[%clk
00:06:54]} {[%emt 00:01:51]} Rxd5 {[%clk 00:01:44]} {[%emt 00:00:02]} 36. Kg1
{[%clk 00:06:02]} {[%emt 00:01:22]} Kd7 {[%clk 00:01:28]} {[%emt 00:00:44]} 37.
b4 {[%clk 00:06:10]} {[%emt 00:00:24]} Rd2 {[%clk 00:01:44]} {[%emt 00:00:12]}
38. Re3 {[%clk 00:05:38]} {[%emt 00:01:03]} Rxa2 {[%clk 00:01:26]} {[%emt
00:00:49]} 39. Rxf3 {[%clk 00:06:00]} {[%emt 00:00:08]} Ke6 {[%clk 00:01:00]}
{[%emt 00:00:54]} 40. Kf1 {[%clk 00:05:58]} {[%emt 00:00:33]} Rd2 {[%clk
00:00:53]} {[%emt 00:00:37]} 41. Ke1 {[%clk 00:06:16]} {[%emt 00:00:12]} Rd7
{[%clk 00:00:37]} {[%emt 00:00:45]} 42. g5 {[%clk 00:04:45]} {[%emt 00:02:02]}
Rf7 {[%clk 00:25:54]} {[%emt 00:05:11]} 43. Rxf7 {[%clk 00:34:37]} {[%emt
00:00:40]} Kxf7 {[%clk 00:26:14]} {[%emt 00:00:10]} 44. Kd2 {[%clk 00:27:25]}
{[%emt 00:07:43]} Kg6 {[%clk 00:25:16]} {[%emt 00:01:27]} 45. b5 {[%clk
00:26:28]} {[%emt 00:01:27]} Kxg5 {[%clk 00:24:40]} {[%emt 00:01:07]} 46. Ke3
{[%clk 00:26:31]} {[%emt 00:00:25]} Kf5 {[%clk 00:23:36]} {[%emt 00:01:32]} 47.
c4 {[%clk 00:26:24]} {[%emt 00:00:40]} Ke5 {[%clk 00:23:06]} {[%emt 00:00:58]}
48. f4+ {[%clk 00:25:35]} {[%emt 00:01:22]} Kd6 {[%clk 00:22:34]} {[%emt
00:01:00]} 49. Ke4 {[%clk 00:18:35]} {[%emt 00:07:31]} g6 {[%clk 00:16:54]}
{[%emt 00:06:06]} 50. Kd4 {[%clk 00:11:59]} {[%emt 00:07:10]} c6 {[%clk
00:16:26]} {[%emt 00:00:58]} 51. Ke4 {[%clk 00:10:59]} {[%emt 00:01:30]} cxb5
{[%clk 00:11:17]} {[%emt 00:05:39]} 52. cxb5 {[%clk 00:11:12]} {[%emt
00:00:17]} Kc5 {[%clk 00:06:37]} {[%emt 00:05:09]} 53. Ke5 {[%clk 00:11:24]}
{[%emt 00:00:20]} Kxb5 {[%clk 00:06:42]} {[%emt 00:00:26]} 54. Kf6 {[%clk
00:11:41]} {[%emt 00:00:12]} a5 {[%clk 00:07:00]} {[%emt 00:00:11]} 55. Kxg6
{[%clk 00:11:55]} {[%emt 00:00:17]} a4 {[%clk 00:07:19]} {[%emt 00:00:11]} 56.
f5 {[%clk 00:12:18]} {[%emt 00:00:07]} a3 {[%clk 00:07:40]} {[%emt 00:00:08]}
57. f6 {[%clk 00:12:39]} {[%emt 00:00:08]} a2 {[%clk 00:08:03]} {[%emt
00:00:08]} 58. f7 {[%clk 00:13:03]} {[%emt 00:00:05]} a1=Q {[%clk 00:08:24]}
{[%emt 00:00:09]} 59. f8=Q {[%clk 00:13:24]} {[%emt 00:00:10]} Qg1+ {[%clk
00:07:18]} {[%emt 00:01:37]} 60. Kh6 {[%clk 00:11:08]} {[%emt 00:02:46]} Qe3+
{[%clk 00:06:50]} {[%emt 00:00:55]} 1/2-1/2